Heritage counts 2011 (Record no. 112945)

MARC details
000 -LEADER
fixed length control field 01814cad a22002175a 4500
001 - CONTROL NUMBER
control field L154350
008 - FIXED-LENGTH DATA ELEMENTS--GENERAL INFORMATION
fixed length control field 111116s2011 xxko f 000 0 eng d
035 ## - SYSTEM CONTROL NUMBER
System control number (Sirsi) u154350
041 0# - LANGUAGE CODE
Language code of text/sound track or separate title eng
050 04 - LIBRARY OF CONGRESS CALL NUMBER
Classification number 690.241 $2 18
110 2# - MAIN ENTRY--CORPORATE NAME
Corporate name or jurisdiction name as entry element English Heritage
9 (RLIN) 2714
245 00 - TITLE STATEMENT
Title Heritage counts 2011
Remainder of title England
Medium [electronic resource]
260 ## - PUBLICATION, DISTRIBUTION, ETC.
Place of publication, distribution, etc. [S.l.]
Name of publisher, distributor, etc. English Heritage
Date of publication, distribution, etc. 2011
505 2# - FORMATTED CONTENTS NOTE
Formatted contents note The historic environment and Big Society -- The historic environment in 2011: an overview -- Indicators section
520 ## - SUMMARY, ETC.
Summary, etc. Heritage Counts is an annual publication and this year it outlines the role of the historic environment in developing and shaping our communities. It highlights how private individuals and the independent, voluntary and community sector are working with public sector organisations to help ensure our communities look after, learn from and are inspired by our heritage. This report looks at how the historic environment contributes to the following government objectives: social action encouraging and enabling people to play a more active part in society; community empowerment giving local councils and neighbourhoods more power to take decisions and shape their local area; opening up public services, voluntary sector and local groups delivering public services and managing community and public assets. The report draws on new research from The Heritage Alliance and Civic Voice to look at the role of independent heritage organisations, civic societies and volunteers in civil society.
590 ## - LOCAL NOTE (RLIN)
Local note KA NTK
651 #4 - SUBJECT ADDED ENTRY--GEOGRAPHIC NAME
Geographic name England
Chronological subdivision 886-
690 ## - LOCAL SUBJECT ADDED ENTRY--TOPICAL TERM (OCLC, RLIN)
Topical term or geographic name as entry element BUILT ENVIRONMENT-BUILDING TYPES-ANCIENT MONUMENTS AND HISTORIC BUILDINGS
856 40 - ELECTRONIC LOCATION AND ACCESS
Uniform Resource Identifier <a href="https://hc.english-heritage.org.uk/content/pub/2011/hc-2011-england.pdf">https://hc.english-heritage.org.uk/content/pub/2011/hc-2011-england.pdf</a>
Public note View the report free of charge at hc.english-heritage.org.uk
942 ## - ADDED ENTRY ELEMENTS (KOHA)
Suppress in OPAC 0
Holdings
Withdrawn status Lost status Source of classification or shelving scheme Damaged status Not for loan Home library Current library Shelving location Date acquired Total Checkouts Full call number Barcode Date last seen Copy number Price effective from Koha item type
    Dewey Decimal Classification     Virtual Virtual Online 16/11/2011   ONLINE PUBLICATION 154350-2001 06/08/2019 1 06/08/2019 Book